Historia del Cristianismo. I. El mundo antiguo

Na minha lista:
Detalhes bibliográficos
Autor principal: Sotomayor, Manuel (Coordinador)
Outros Autores: Fernández Ubiña, José (Coordinador)
Formato: Desconhecido
Idioma:inglês
Publicado em: Madrid, España. Trotta, Universidad de Granada, 2011
Edição:Cuarta edición
coleção:Religión. Colección Estructuras y Procesos
Assuntos:
Tags: Adicionar Tag
Sem tags, seja o primeiro a adicionar uma tag!

MARC

LEADER 00000 a2200000 4500
003 CL-VaPUC
005 20211018113739.0
008 200610b ||||| |||| 00| 0 eng d
999 |c 423272  |d 423270 
020 |a 9788481647631 v.1 
040 |c Pontificia Universidad Católica de Valparaíso 
082 |a 270 SOT 2011 
100 |a Sotomayor, Manuel  |9 814370  |e Coordinador 
245 |a Historia del Cristianismo.  |b  I. El mundo antiguo 
250 |a Cuarta edición  
260 |a Madrid, España.   |b Trotta,   |b  Universidad de Granada,  |c 2011 
300 |a 943 páginas 
440 |a Religión.   |p  Colección Estructuras y Procesos   |9 856554 
583 |k Cristina Rojas  |c 20200610 
650 0 |a Cristianismo  |x Historia   |y Mundo antiguo  |9 856602 
700 |a Fernández Ubiña, José   |e Coordinador  |9 856555 
942 |2 ddc  |c BK 
952 |0 0  |1 0  |2 ddc  |4 0  |6 270_000000000000000_SOT_2011  |7 0  |8 R  |9 576578  |a BIBHIS  |b BIBHIS  |d 2020-06-10  |e 3  |g 40424.00  |h v.1  |i 5576385  |l 2  |o 270 SOT 2011  |p 5576385  |r 2024-11-21  |s 2024-11-21  |t 1  |v 40424.00  |w 2020-06-10  |y BK  |k HIS 
952 |0 0  |1 0  |2 ddc  |4 0  |6 270_000000000000000_SOT_2011  |7 0  |8 R  |9 576579  |a BIBHIS  |b BIBHIS  |d 2020-06-10  |e 3  |g 40424.00  |h v.1  |i 5576393  |l 3  |m 2  |o 270 SOT 2011  |p 5576393  |r 2024-05-17  |s 2024-04-22  |t 2  |v 40424.00  |w 2020-06-10  |y BK  |k HIS